000 00442pab a2200157 454500
008 180718b2011 xxu||||| |||| 00| 0 eng d
100 _aDesipio, Louis
245 _aA return to a national origin preference? Mexican immigration and the principles guiding US immigration policy
260 _c2011
300 _ap.567-569.
362 _aSep
650 _aImmigration
773 _aPerspectives on Politics
908 _aN
909 _a93857
999 _c93857
_d93857